Đánh giá năng lực cạnh tranh của bưởi da xanh tỉnh Bến Tre : Luận văn Thạc sĩ Kinh tế. Chuyên ngành Quản trị kinh doanh
Mô tả thực trạng của bưởi da xanh, xác định và phân tích mức độ ảnh hưởng của mỗi yếu tố đến năng lực cạnh tranh của bưởi da xanh tỉnh Bến Tre.
Bewaard in:
| Hoofdauteur: | |
|---|---|
| Formaat: | Boek |
| Taal: | Undetermined |
| Gepubliceerd in: |
Cần Thơ
Trường Đại học Cần Thơ
2017
|
| Onderwerpen: | |
| Tags: |
Voeg label toe
Geen labels, Wees de eerste die dit record labelt!
|
| Thư viện lưu trữ: | Trung tâm Học liệu Trường Đại học Cần Thơ |
|---|
| LEADER | 01046nam a2200205Ia 4500 | ||
|---|---|---|---|
| 001 | CTU_224197 | ||
| 008 | 210402s9999 xx 000 0 und d | ||
| 082 | |a 658.83 | ||
| 082 | |b H309 | ||
| 088 | |a 60340102 | ||
| 100 | |a Nguyễn, Hoàng Phương Hiếu | ||
| 245 | 0 | |a Đánh giá năng lực cạnh tranh của bưởi da xanh tỉnh Bến Tre : | |
| 245 | 0 | |b Luận văn Thạc sĩ Kinh tế. Chuyên ngành Quản trị kinh doanh | |
| 245 | 0 | |c Nguyễn Hoàng Phương Hiếu ; Võ Thành Danh (Cán bộ hướng dẫn) | |
| 260 | |a Cần Thơ | ||
| 260 | |b Trường Đại học Cần Thơ | ||
| 260 | |c 2017 | ||
| 520 | |a Mô tả thực trạng của bưởi da xanh, xác định và phân tích mức độ ảnh hưởng của mỗi yếu tố đến năng lực cạnh tranh của bưởi da xanh tỉnh Bến Tre. | ||
| 650 | |a Nghiên cứu thị trường,Marketing research | ||
| 980 | |a Trung tâm Học liệu Trường Đại học Cần Thơ | ||